| 000 | 00769nam a22002297a 4500 | ||
|---|---|---|---|
| 005 | 20170124110026.0 | ||
| 010 | _aA-933863 | ||
| 020 |
_c150.00 _a812031137 |
||
| 035 | _aA-933863 | ||
| 037 | _bCen Lib/Ret | ||
| 040 |
_aDPL _bEN |
||
| 082 |
_a658.562 _bLOG |
||
| 100 |
_aLogothetis, N. _920614 |
||
| 245 |
_aManaging for total quality : _cby N. Logothetics _bfrom demin to taguchi and SPC / |
||
| 260 |
_aNew Delhi _bPrentice Hall of India _c1997 |
||
| 270 |
_bNew Delhi _aM-97, connaught circuss _e110001 |
||
| 300 |
_axiv, 447p. _c20cm(Hb) |
||
| 500 | _aIncludes appendix, index and bibliographical references | ||
| 650 |
_aTotal quality management _96345 |
||
| 650 |
_aManagement approaches _920615 |
||
| 942 |
_2ddc _cEN _h658.562 _mLOG |
||
| 999 |
_c127482 _d127482 |
||